Digital Literacy for Techers (Record no. 6879)

MARC details
005 - DATE AND TIME OF LATEST TRANSACTION
control field 20260429131417.0
020 ## - INTERNATIONAL STANDARD BOOK NUMBER
International Standard Book Number 9789811917370
100 ## - MAIN ENTRY--PERSONAL NAME
Author name TOMCZYK,L
245 ## - TITLE STATEMENT
Title Digital Literacy for Techers
260 ## - PUBLICATION, DISTRIBUTION, ETC.
Place of publication, distribution, etc. Singerpore
Name of publisher, distributor, etc. SPRINGER
Date of publication, distribution, etc. 2022
300 ## - PHYSICAL DESCRIPTION
Extent 586;ill;graph,table
Other physical details References
Dimensions 24cm
700 ## - ADDED ENTRY--PERSONAL NAME
Other authors/Editors FEDELI,L
942 ## - ADDED ENTRY ELEMENTS (KOHA)
Source of classification or shelving scheme Dewey Decimal Classification
Koha item type Books
Holdings
Date last seen Total checkouts Full call number Barcode Cost, replacement price Price effective from Koha item type Lost status Source of classification or shelving scheme Damaged status Not for loan Withdrawn status Home library Current library Shelving location Date acquired Source of acquisition Cost, normal purchase price
04/29/2026   370.15 TOM MBY1200 999999.99 04/27/2026 Books   Dewey Decimal Classification       CBE MBEYA CBE MBEYA Special Reserve Collection 04/27/2026 PURCHASE 463657.00
04/29/2026   370.15 TOM MBY1201 999999.99 04/27/2026 Books   Dewey Decimal Classification       CBE MBEYA CBE MBEYA General Collection 04/27/2026 PURCHASE 463657.00
04/29/2026   370.15 TOM MBY1202 999999.99 04/27/2026 Books   Dewey Decimal Classification       CBE MBEYA CBE MBEYA General Collection 04/27/2026 PURCHASE 463657.00